[Event "Stare Mesto op"]
[Site "Stare Mesto"]
[Date "2010.08.14"]
[Round "2"]
[White "Knotek, Josef"]
[Black "Roubalik, Jakub"]
[Result "1/2-1/2"]
[WhiteElo "2015"]
[BlackElo "2262"]
[PlyCount "61"]
[EventDate "2010.08.13"]
[EventType "swiss"]
[EventRounds "10"]
[EventCountry "CZE"]
[SourceTitle "CBM 138 Extra"]
[Source "ChessBase"]
[SourceDate "2010.10.29"]
[SourceVersion "1"]
[SourceVersionDate "2010.10.29"]
[SourceQuality "1"]

1. d4 d5 2. Nf3 Nf6 3. e3 c6 4. c4 Bg4 5. cxd5 Bxf3 6. Qxf3 cxd5 7. Bb5+ Nc6 8. Nc3 e6 9. 0-0 Rc8 10. Bd2 Bd6 11. e4 dxe4 12. Nxe4 Nxe4 13. Qxe4 0-0 14. Rac1 Qb6 15. Bxc6 Rxc6 16. Rxc6 bxc6 17. b3 Qb5 18. Rc1 Rc8 19. Rc4 h6 20. g3 Rc7 21. Bf4 Bxf4 22. Qxf4 Rd7 23. Qe5 Qd5 24. Rc5 Qxd4 25. Qxd4 Rxd4 26. Rxc6 Rd7 27. Rc8+ Kh7 28. a4 Rb7 29. Ra8 Kg6 30. a5 Rxb3 31. Rxa7 1/2-1/2

[Event "CZE-chT2E 0910"]
[Site "Czech Republic"]
[Date "2010.03.14"]
[Round "9.5"]
[White "Knotek, Josef"]
[Black "Bacak, Martin"]
[Result "1-0"]
[WhiteElo "2018"]
[BlackElo "2132"]
[PlyCount "63"]
[EventDate "2009.10.18"]
[EventType "team-tourn"]
[EventRounds "11"]
[EventCountry "CZE"]
[SourceTitle "EXT 2012"]
[Source "ChessBase"]
[SourceDate "2011.11.24"]
[SourceVersion "1"]
[SourceVersionDate "2011.11.24"]
[SourceQuality "1"]
[WhiteTeam "Stare Mesto III"]
[BlackTeam "Kromeriz II"]
[WhiteTeamCountry "CZE"]
[BlackTeamCountry "CZE"]

1. d4 d5 2. Nf3 Nf6 3. c4 e6 4. Nc3 Nbd7 5. e3 c6 6. Bd3 Be7 7. 0-0 0-0 8. e4 dxe4 9. Nxe4 Nxe4 10. Bxe4 Nf6 11. Bc2 c5 12. Bg5 cxd4 13. Qxd4 Qc7 14. Rfd1 Rd8 15. Qc3 Bd7 16. Ne5 Be8 17. Bf4 Bd6 18. Bg3 Rac8 19. Rac1 Nh5 20. Nf3 Nxg3 21. hxg3 g6 22. Qe3 Bc5 23. Qg5 Rxd1+ 24. Rxd1 Qb6 25. Rd2 Qxb2 26. Kh2 Qb6 27. Ne5 Bxf2 28. Ng4 Bd4 29. Qf4 e5 30. Qg5 h5 31. Nf6+ Kf8 32. Qh6+ 1-0